00293nam a22000977a 4500020001800000082001800018100001900036245007600055260003900131650002500170 a9780691027555 a347.7301bFRA aFrank, Jerome  aCourts on Trial: bMyth and Reality in American Justice /cJerome Frank bPrinceton University Press,c1973. aLaw, Courts on Trial